Desobediencia civil y otros escritos / (Record no. 181448)

MARC details
000 -LEADER
campo de control de longitud fija 01044nam a2200265 i 4500
001 - NÚMERO DE CONTROL
campo de control 181448
003 - IDENTIFICADOR DE NÚMERO DE CONTROL
campo de control ES-MaACL
005 - FECHA Y HORA DE LA ÚLTIMA TRANSACCIÓN
campo de control 20251013220033.0
008 - DATOS DE LONGITUD FIJA--INFORMACIÓN GENERAL
campo de control de longitud fija 130116s2009 sp | |||||||| | spa d
080 ## - NÚMERO DE LA CLASIFICACIÓN DECIMAL UNIVERSAL
Número de la Clasificación Decimal Universal 821.111(73)-4"18"
100 1# - ENTRADA PRINCIPAL--NOMBRE DE PERSONA
Nombre de persona Thoreau, Henry David.
9 (RLIN) 110134
245 10 - MENCIÓN DEL TÍTULO
Título Desobediencia civil y otros escritos /
Mención de responsabilidad, etc. Thoreau ; [traducción de Mª Eugenia Díaz].
260 ## - PUBLICACIÓN, DISTRIBUCIÓN, ETC.
Lugar de publicación, distribución, etc. [Madrid] :
Nombre del editor, distribuidor, etc. Diario Público,
Fecha de publicación, distribución, etc. [2009]
300 ## - DESCRIPCIÓN FÍSICA
Extensión 123 p. ;
Dimensiones 18 cm.
490 1# - MENCIÓN DE SERIE
Mención de serie Biblioteca pensamiento crítico
505 8# - NOTA DE CONTENIDO CON FORMATO
Nota de contenido con formato Contiene: Una vida sin principios ; Desobediencia civil ; La esclavitud en Massachussetts ; Apología del capitán John Brown
600 14 - PUNTO DE ACCESO ADICIONAL DE MATERIA--NOMBRE DE PERSONA
Nombre de persona Brown, John,
Fechas asociadas al nombre 1800-1859
9 (RLIN) 172122
650 #4 - PUNTO DE ACCESO ADICIONAL DE MATERIA--TÉRMINO DE MATERIA
Término de materia o nombre geográfico como elemento de entrada Resistencia al gobierno.
9 (RLIN) 16862
650 #7 - PUNTO DE ACCESO ADICIONAL DE MATERIA--TÉRMINO DE MATERIA
Término de materia o nombre geográfico como elemento de entrada Esclavitud-
Subdivisión geográfica América
Fuente del encabezamiento o término
9 (RLIN) 162982
700 1# - ENTRADA AGREGADA--NOMBRE PERSONAL
Nombre de persona Díaz Sánchez, María Eugenia.
9 (RLIN) 152082
830 1# - PUNTO DE ACCESO ADICIONAL DE SERIE-TÍTULO UNIFORME
Título uniforme Biblioteca pensamiento crítico
9 (RLIN) 189844
852 ## - LOCALIZACIÓN
Ubicación ES-MaACL
Número de control de estantería A-12442
itemnumber 188349
Sublocalización o colección R.145917
Ubicación en estantería Depósito 1
Signatura antigua Olim: N-5447
942 ## - ELEMENTOS DE ENTRADA SECUNDARIOS (KOHA)
Fuente del sistema de clasificación o colocación Clasificación decimal universal
Tipo de ítem Koha Libro impreso
Holdings
Estatus retirado Estado de pérdida Fuente del sistema de clasificación o colocación Estado de daño No para préstamo Biblioteca de origen Biblioteca actual Ubicación en estantería Fecha de adquisición Fuente de adquisición Total de préstamos Signatura topográfica completa Código de barras Visto por última vez Precio de reemplazo Tipo de ítem Koha
    Clasificación decimal universal     Biblioteca del Ateneo de Madrid Biblioteca del Ateneo de Madrid Depósito 1 16/01/2013 Donación   A-12442 1190689 23/02/2023 23/02/2023 Libro impreso